000 00299nam a22001337a 4500
008 170503b xxu||||| |||| 00| 0 eng d
020 _a9780558160395
041 _aeng
080 _a343.9
100 _a13
101 _aSHJ
245 _aCRIMINAL JUSTICE TODAY
_cSCHMALLEGER.F
942 _2udc
_cBK
999 _c12521
_d12521